Państwa graniczące ze Związkiem Radzieckim (ZSRR) - Statystyki

Ogólne statystyki
  • Ten quiz został rozwiązany 463 razy
  • Średni wynik to 10 z 12
Statystyki odpowiedzi
Kraj % Poprawnych
Polska
100%
Chiny
97%
Finlandia
89%
Mongolia
86%
Rumunia
86%
Iran
83%
Turcja
83%
Korea Północna
78%
Afganistan
77%
Czechosłowacja
72%
Norwegia
70%
Węgry
66%
Nie znaleziono quizów pasujących do podanych kryteriów
Rozkład punktacji
Procent ludzi z każdym wynikiem
Percentyl według liczby udzielonych odpowiedzi
Twoja historia wyników
Nie rozwiązałeś tego quizu